U.K. Songs - Statistics

General Stats
  • This quiz has been taken 60 times
  • The average score is 8 of 15
Answer Stats
Artist Song Title % Correct
Vera Lynn White Cliffs of {Dover}
98%
Jimmy Osmond Long Haired Lover From {Liverpool}
93%
Ralph McTell Streets of {London}
89%
Simon and Garfunkel {Scarborough} Fair
75%
Queen {Brighton} Rock
53%
Simple Minds {Belfast} Child
51%
Proclaimers Sunshine on {Leith}
49%
Duffy {Warwick} Avenue
45%
The New Vaudeville Band {Winchester} Cathedral
45%
Fiddlers Dram Day Trip to {Bangor}
38%
Elvis Costello & The Attractions I Dont Want To Go To {Chelsea}
33%
Roger Whittaker {Durham} Town
25%
Electric Light Orchestra Turn To {Stone}
25%
Sham 69 {Hersham} Boys
22%
Mike Harding {Rochdale} Cowboy
20%
No matching quizzes found
Score Distribution
Percent of People with Each Score
Percentile by Number Answered
Your Score History
You have not taken this quiz